| Tag |
First Indicator |
Second Indicator |
Subfields |
| LEADER |
00000cam a2200000 4500 |
| 001 |
in00000024376 |
| 005 |
20151007062336.0 |
| 008 |
760108s1895 nyu 00010 eng |
| 010 |
|
|
|a 10033556
|
| 035 |
|
|
|a (OCoLC)01917243
|
| 035 |
|
|
|9 AAD4611AM
|
| 040 |
|
|
|a DLC
|c FHM
|d TXA
|d UtOrBLW
|
| 049 |
|
|
|a TXAM
|c [16456]
|
| 050 |
0 |
0 |
|a PE1408
|b .H53 1895
|
| 092 |
|
|
|a 808
|b H645p, 1895
|
| 100 |
1 |
|
|a Hill, Adams Sherman,
|d 1833-1910.
|
| 245 |
1 |
4 |
|a The principles of rhetoric /
|c by Adams Sherman Hill.
|
| 250 |
|
|
|a New ed., rev. and enl.
|
| 264 |
|
1 |
|a New York :
|b Harper & brothers,
|c 1895.
|
| 300 |
|
|
|a x, 431 pages ;
|c 20 cm.
|
| 336 |
|
|
|a text
|b txt
|2 rdacontent
|
| 337 |
|
|
|a unmediated
|b n
|2 rdamedia
|
| 338 |
|
|
|a volume
|b nc
|2 rdacarrier
|
| 650 |
|
0 |
|a English language
|x Rhetoric.
|
| 999 |
|
|
|a MARS
|
| 999 |
f |
f |
|s bc2a1002-e923-3f35-8084-93447be841a6
|i 1214c213-6d56-36e7-a080-369b91ec3ddc
|t 0
|
| 952 |
f |
f |
|p normal
|a Texas A&M University
|b College Station
|c Sterling C. Evans Library
|s Evans stk
|d Evans: Library Stacks
|t 0
|e PE1408 .H53 1895
|h Library of Congress classification
|i unmediated -- volume
|m A14801194003
|
| 998 |
f |
f |
|a PE1408 .H53 1895
|t 0
|l Evans: Library Stacks
|